[Event "BPB Limburg open C"]
[Site "Maastricht"]
[Date "2014.06.06"]
[Round "1"]
[White "Loutragotis, Marios"]
[Black "Reusink, Hans"]
[Result "0-1"]
[WhiteElo "1000"]
[BlackElo "1553"]
[PlyCount "62"]
[EventDate "2014.06.06"]
[EventType "swiss"]
[EventRounds "7"]
[EventCountry "NED"]
[Source "P.Boonen"]
[SourceDate "2014.10.10"]

1. e4 c5 2. d4 cxd4 3. Qxd4 Nc6 4. Qd1 e6 5. Nf3 Nf6 6. Nc3 a6 7. Bd3 Qc7 8.
Be3 Bb4 9. Qd2 O-O 10. a3 Bd6 11. Bg5 Ng4 12. h3 Nge5 13. O-O Nxf3+ 14. gxf3
Ne5 15. Bh6 Nxf3+ 16. Kg2 Nxd2 17. Bxd2 b5 18. f3 Bb7 19. Kf2 Bg3+ 20. Ke2 d5
21. Rg1 dxe4 22. Nxe4 Be5 23. Bb4 Rfd8 24. Nc5 Bd5 25. Nb3 Bxb2 26. Rab1 Qh2+
27. Kf1 Qxh3+ 28. Rg2 Bxf3 29. Kf2 Qxg2+ 30. Ke1 Rxd3 31. cxd3 Qe2# 0-1

[Event "BPB Limburg open C"]
[Site "Maastricht"]
[Date "2014.06.06"]
[Round "1"]
[White "Loutragotis, Paraske"]
[Black "Beukema, Constantijn"]
[Result "1-0"]
[WhiteElo "1570"]
[BlackElo "1000"]
[PlyCount "71"]
[EventDate "2014.06.06"]
[EventType "swiss"]
[EventRounds "7"]
[EventCountry "NED"]
[Source "P.Boonen"]
[SourceDate "2014.10.10"]

1. d4 d5 2. c4 c6 3. Nf3 Nf6 4. Nc3 e6 5. Bg5 Bb4 6. e3 O-O 7. Bd3 h6 8. Bh4
Nbd7 9. Ne5 Qa5 10. O-O Bxc3 11. bxc3 Qxc3 12. Rc1 Qa5 13. Bb1 Qc7 14. Qc2 Ne4
15. f3 Nxe5 16. dxe5 Qxe5 17. fxe4 dxe4 18. Bg3 Qc5 19. Qxe4 f5 20. Qd4 Qa5 21.
Rcd1 b6 22. Be1 Qa6 23. Bc3 Qb7 24. e4 c5 25. Qe5 Qf7 26. exf5 exf5 27. Bxf5
Bxf5 28. Rxf5 Qg6 29. Rdf1 Rxf5 30. Rxf5 Rf8 31. Rxf8+ Kxf8 32. Qb8+ Kf7 33.
Qxa7+ Kg8 34. h3 Qb1+ 35. Kh2 Qc2 36. Qxg7# 1-0

[Event "BPB Limburg open C"]
[Site "Maastricht"]
[Date "2014.06.06"]
[Round "1"]
[White "Mertens, Yannick"]
[Black "Schlepuetz, Volker"]
[Result "1-0"]
[WhiteElo "1711"]
[BlackElo "1437"]
[PlyCount "81"]
[EventDate "2014.06.06"]
[EventType "swiss"]
[EventRounds "7"]
[EventCountry "NED"]
[Source "P.Boonen"]
[SourceDate "2014.10.10"]

1. Nf3 Nf6 2. g3 d5 3. d3 c6 4. Nbd2 Nbd7 5. Bg2 e5 6. e4 Bc5 7. O-O O-O 8. Nb3
Be7 9. Re1 Qc7 10. c3 Re8 11. Nbd2 Bd6 12. Nf1 dxe4 13. dxe4 Nc5 14. Qc2 h6 15.
h3 Be6 16. g4 Rad8 17. Ng3 Be7 18. Bf1 Rd7 19. b4 Na6 20. Be3 c5 21. b5 Nb8 22.
c4 Red8 23. Qc3 Ne8 24. Nf5 f6 25. h4 Nd6 26. Qc2 Nxf5 27. gxf5 Bf7 28. Be2 Rd6
29. Kh1 Nd7 30. Rg1 Kh7 31. Nh2 Nf8 32. Rg2 g6 33. Rag1 g5 34. hxg5 fxg5 35.
Ng4 Bf6 36. Rh2 h5 37. Nxf6+ Rxf6 38. Bxg5 Rfd6 39. Bxd8 Qxd8 40. Qc1 Qb6 41.
Qg5 1-0

[Event "BPB Limburg open C"]
[Site "Maastricht"]
[Date "2014.06.06"]
[Round "1"]
[White "Nissel, Andreas"]
[Black "Vande Ginste, Michiel"]
[Result "0-1"]
[WhiteElo "1737"]
[BlackElo "1503"]
[PlyCount "160"]
[EventDate "2014.06.06"]
[EventType "swiss"]
[EventRounds "7"]
[EventCountry "NED"]
[Source "P.Boonen"]
[SourceDate "2014.10.10"]

1. d4 Nf6 2. Nf3 e6 3. e3 b6 4. Bd3 Bb7 5. Nbd2 g6 6. c3 Bg7 7. O-O d6 8. a4
Nbd7 9. a5 c5 10. Qb3 O-O 11. a6 Bd5 12. Qa4 Qc7 13. Bb5 Rac8 14. dxc5 Nxc5 15.
Qh4 Bc6 16. Be2 d5 17. Nd4 Nfe4 18. Nxe4 Nxe4 19. f4 Bf6 20. Qh3 Bd7 21. g4 e5
22. Nf3 exf4 23. exf4 Qc5+ 24. Kg2 Rfe8 25. Bd3 h5 26. f5 hxg4 27. Qxg4 Bxf5
28. Qf4 Qc7 29. Qxc7 Rxc7 30. Bf4 Rce7 31. Bb5 Bd7 32. Bxd7 Rxd7 33. Rad1 g5
34. Be3 Nxc3 35. Rd3 Ne4 36. Rfd1 g4 37. Nd4 Nc5 38. Ra3 Bxd4 39. Bxd4 Re2+ 40.
Kg3 Ne6 41. Bxb6 axb6 42. a7 Nc7 43. b4 Kg7 44. a8=Q Nxa8 45. Rxa8 Re4 46. b5
Rb4 47. Ra6 Rd6 48. Ra7 Kg6 49. h3 gxh3 50. Kxh3 Kg7 51. Rg1+ Rg6 52. Rf1 Rf6
53. Rd1 Rxb5 54. Rd7 Kf8 55. Kg4 Ke8 56. Ra7 Rd6 57. Rh1 Rd7 58. Ra8+ Ke7 59.
Ra3 d4 60. Rd3 Ke6 61. Re1+ Re5 62. Rb1 Rd6 63. Rb4 f5+ 64. Kg5 Red5 65. Kf4
Kd7 66. Rc4 b5 67. Rc1 Rc6 68. Rcd1 Rc4 69. Rh1 Kc6 70. Rh8 Kc5 71. Rc8+ Kb4
72. Rh8 Rc3 73. Rd1 d3 74. Ke3 d2+ 75. Ke2 Rcd3 76. Rb1+ Kc3 77. Rc8+ Kd4 78.
Rb4+ Ke5 79. Re8+ Kd6 80. Rd8+ Ke7 0-1

[Event "BPB Limburg open C"]
[Site "Maastricht"]
[Date "2014.06.06"]
[Round "1"]
[White "Olmoz Sanz, Francisco"]
[Black "Bauchmueller, Heinrich"]
[Result "1-0"]
[WhiteElo "1655"]
[BlackElo "1348"]
[PlyCount "93"]
[EventDate "2014.06.06"]
[EventType "swiss"]
[EventRounds "7"]
[EventCountry "NED"]
[Source "P.Boonen"]
[SourceDate "2014.10.10"]

1. c4 c5 2. Nc3 g6 3. Nf3 Nc6 4. e3 Bg7 5. Be2 Nf6 6. O-O d6 7. d4 O-O 8. d5
Nb8 9. e4 e6 10. Bg5 h6 11. Bh4 g5 12. Bg3 Nh5 13. Qc2 e5 14. h3 f5 15. Bh2 f4
16. Nxe5 Bxe5 17. Bxh5 Nd7 18. Bg4 Nf6 19. Bxc8 Qxc8 20. g4 Nxg4 21. hxg4 Qxg4+
22. Kh1 Qh3 23. f3 Rf7 24. Qg2 Qxg2+ 25. Kxg2 Kh7 26. Rab1 Rg7 27. Ne2 Rag8 28.
b4 g4 29. Bxf4 gxf3+ 30. Kxf3 Bxf4 31. Kxf4 Rg4+ 32. Ke3 R8g7 33. bxc5 dxc5 34.
Rg1 b6 35. Rbf1 Kg8 36. Rxg4 Rxg4 37. Rg1 Rxg1 38. Nxg1 Kf7 39. Kf4 a6 40. Nf3
Ke7 41. Ne5 b5 42. Nd3 bxc4 43. Nxc5 a5 44. e5 c3 45. Ke3 h5 46. Kd3 h4 47. Ne4
1-0

[Event "BPB Limburg open C"]
[Site "Maastricht"]
[Date "2014.06.06"]
[Round "1"]
[White "Oosterlinck, Freddy"]
[Black "Zhang, Martin"]
[Result "1-0"]
[WhiteElo "1000"]
[BlackElo "1546"]
[PlyCount "57"]
[EventDate "2014.06.06"]
[EventType "swiss"]
[EventRounds "7"]
[EventCountry "NED"]
[Source "P.Boonen"]
[SourceDate "2014.10.10"]

1. e4 e5 2. Nf3 Nc6 3. Nc3 Nf6 4. d4 Bb4 5. dxe5 Nxe4 6. Bd2 Nxc3 7. Bxc3 Bxc3+
8. bxc3 O-O 9. Bd3 Nxe5 10. O-O Qf6 11. Nxe5 Qxe5 12. c4 d6 13. Re1 Qa5 14. Qf3
c6 15. Qe4 g6 16. Qf4 Qd8 17. Re3 Be6 18. h4 d5 19. cxd5 Bxd5 20. Rae1 Rc8 21.
Re7 Qb6 22. h5 Be6 23. Qf6 Rcd8 24. h6 Qd4 25. Re5 Qa1+ 26. Kh2 Qxe5+ 27. Qxe5
f6 28. Rg7+ Kh8 29. Qxe6 1-0

[Event "BPB Limburg open C"]
[Site "Maastricht"]
[Date "2014.06.06"]
[Round "1"]
[White "Oxener, Aldo"]
[Black "Sprong, Ton"]
[Result "0-1"]
[WhiteElo "1506"]
[BlackElo "1738"]
[PlyCount "77"]
[EventDate "2014.06.06"]
[EventType "swiss"]
[EventRounds "7"]
[EventCountry "NED"]
[Source "P.Boonen"]
[SourceDate "2014.10.10"]

1. d4 e6 2. Nf3 c5 3. e3 Nf6 4. b3 Nc6 5. Bb2 a6 6. Nbd2 d5 7. a3 Qc7 8. Bd3 b5
9. dxc5 Bxc5 10. Bxf6 gxf6 11. O-O Bd6 12. b4 f5 13. Nb3 Qe7 14. Qd2 Bb7 15.
Nbd4 Rc8 16. Rad1 h5 17. h3 Qf6 18. Rfe1 Rg8 19. Kf1 Qg7 20. g3 Ne5 21. Qe2 Be7
22. Nxe5 Qxe5 23. Bxb5+ Kf8 24. Bxa6 Bxa6 25. Qxa6 Kg7 26. Qe2 Kh6 27. Ra1 h4
28. Nf3 Qe4 29. Rec1 hxg3 30. Ng1 Bf6 31. f3 Qh4 32. Kg2 Bxa1 33. Rxa1 Qf6 34.
Rc1 Qb2 35. Qd2 Kh7 36. Ne2 Qxa3 37. Qd4 Rg7 38. b5 Rc4 39. Qh4+ 0-1

[Event "BPB Limburg open C"]
[Site "Maastricht"]
[Date "2014.06.06"]
[Round "1"]
[White "Raats, Joppe"]
[Black "Callebaut, Giovanni"]
[Result "0-1"]
[WhiteElo "1150"]
[BlackElo "1598"]
[PlyCount "100"]
[EventDate "2014.06.06"]
[EventType "swiss"]
[EventRounds "7"]
[EventCountry "NED"]
[Source "P.Boonen"]
[SourceDate "2014.10.10"]

1. e4 c5 2. Nf3 Nc6 3. Nc3 d6 4. g3 g6 5. d3 Bg7 6. Bg2 Bg4 7. Be3 Nd4 8. Bxd4
Bxd4 9. Qd2 Bxf3 10. Bxf3 Nf6 11. Rb1 O-O 12. Ne2 d5 13. Nxd4 dxe4 14. dxe4
cxd4 15. O-O Nd7 16. Qxd4 Qc7 17. Rfe1 e5 18. Qd5 Rad8 19. Qb3 b6 20. Rbd1 Qb7
21. Bg4 Nc5 22. Qb4 a5 23. Qc4 Rxd1 24. Rxd1 Nxe4 25. Bf3 Nd2 26. Bxb7 Nxc4 27.
b3 Na3 28. c4 a4 29. Rd6 axb3 30. axb3 b5 31. Rd5 bxc4 32. bxc4 Nxc4 33. Ba6
Nb2 34. Rxe5 Ra8 35. Bb7 Ra1+ 36. Kg2 Nd3 37. Re7 Ra2 38. Bd5 Rxf2+ 39. Kg1 Kg7
40. Be4 Re2 41. Rd7 Nc5 42. Bf3 Re3 43. Kf2 Rxf3+ 44. Kxf3 Nxd7 45. Ke4 Kh6 46.
Kd5 Nf6+ 47. Kd6 Ng4 48. h3 Nf2 49. h4 Ne4+ 50. Ke7 f5 0-1

[Event "BPB Limburg open C"]
[Site "Maastricht"]
[Date "2014.06.06"]
[Round "1"]
[White "Slangen Knuit, Dien"]
[Black "Widlak, Marc"]
[Result "0-1"]
[WhiteElo "1073"]
[BlackElo "1391"]
[PlyCount "58"]
[EventDate "2014.06.06"]
[EventType "swiss"]
[EventRounds "7"]
[EventCountry "NED"]
[Source "P.Boonen"]
[SourceDate "2014.10.10"]

1. d4 Nf6 2. c4 d5 3. e3 Bf5 4. Nc3 c6 5. Nf3 e6 6. Be2 Bd6 7. O-O O-O 8. b3
Nbd7 9. Bb2 Qc7 10. Rc1 dxc4 11. Bxc4 Bg4 12. e4 Bf4 13. Rc2 e5 14. Na4 b5 15.
Bxb5 exd4 16. Bxc6 Rac8 17. Rc4 Ne5 18. Rc5 Nxc6 19. Bxd4 Nd7 20. Rc4 Rfd8 21.
Qd3 Bxf3 22. Qxf3 Bxh2+ 23. Kh1 Nde5 24. Bxe5 Bxe5 25. Rc5 Qe7 26. Qh3 Qf6 27.
Nc3 Ne7 28. f4 Rxc5 29. Rf3 Bxc3 0-1

[Event "BPB Limburg open C"]
[Site "Maastricht"]
[Date "2014.06.06"]
[Round "1"]
[White "Staudt, Sascha"]
[Black "Chappin, Rene"]
[Result "0-1"]
[WhiteElo "1377"]
[BlackElo "1668"]
[PlyCount "46"]
[EventDate "2014.06.06"]
[EventType "swiss"]
[EventRounds "7"]
[EventCountry "NED"]
[Source "P.Boonen"]
[SourceDate "2014.10.10"]

1. d4 Nf6 2. Bg5 Ne4 3. Nf3 c6 4. c3 Nxg5 5. Nxg5 d5 6. Qc2 g6 7. e4 dxe4 8.
Qxe4 Qd5 9. Qe3 Bh6 10. f4 Bxg5 11. fxg5 Nd7 12. c4 Qa5+ 13. Nc3 Nf8 14. c5 Ne6
15. Qe5 O-O 16. Bc4 Qb4 17. Bxe6 Bxe6 18. O-O-O a5 19. d5 Qxc5 20. Kb1 cxd5 21.
Nxd5 Rac8 22. Rhe1 Rfd8 23. Nc3 Rxd1+ 0-1

[Event "BPB Limburg open C"]
[Site "Maastricht"]
[Date "2014.06.06"]
[Round "1"]
[White "Steinhart, Roel"]
[Black "Koolen, Tom"]
[Result "1-0"]
[WhiteElo "1564"]
[BlackElo "1000"]
[PlyCount "73"]
[EventDate "2014.06.06"]
[EventType "swiss"]
[EventRounds "7"]
[EventCountry "NED"]
[Source "P.Boonen"]
[SourceDate "2014.10.10"]

1. e4 d6 2. Bc4 Nf6 3. d3 e5 4. Bg5 Nbd7 5. Nd2 h6 6. Be3 Nc5 7. h3 d5 8. Bxd5
Nxd5 9. exd5 Qxd5 10. Qf3 Be6 11. Ne2 O-O-O 12. Nc3 Qxf3 13. Nxf3 f6 14. Nh4 g5
15. Ng6 Rg8 16. Nxf8 Rgxf8 17. Bxc5 Rf7 18. Be3 a6 19. b4 b5 20. a4 bxa4 21.
Rxa4 Kb7 22. O-O g4 23. h4 g3 24. b5 Ra8 25. Rb1 Kc8 26. Rxa6 Kb7 27. Rxe6 Rg8
28. Ne4 gxf2+ 29. Nxf2 Rfg7 30. g4 f5 31. Bxh6 Rxg4+ 32. Nxg4 Rxg4+ 33. Kf2
Rxh4 34. Kg3 Rg4+ 35. Kh3 Rg8 36. Re1 Rh8 37. Rf6 1-0

[Event "BPB Limburg open C"]
[Site "Maastricht"]
[Date "2014.06.06"]
[Round "1"]
[White "Van Ginneken, Maikel"]
[Black "Reyskens, Jules"]
[Result "1/2-1/2"]
[WhiteElo "1453"]
[BlackElo "1719"]
[PlyCount "111"]
[EventDate "2014.06.06"]
[EventType "swiss"]
[EventRounds "7"]
[EventCountry "NED"]
[Source "P.Boonen"]
[SourceDate "2014.10.10"]

1. d4 Nf6 2. c4 g6 3. Nc3 d5 4. Nf3 Bg7 5. Bf4 O-O 6. e3 c6 7. c5 Nh5 8. Bg5
Nf6 9. Bd3 Nbd7 10. O-O Re8 11. Qd2 e5 12. dxe5 Nxe5 13. Nxe5 Rxe5 14. Bf4 Re8
15. Rad1 Bg4 16. Be2 Bxe2 17. Qxe2 Qa5 18. Bd6 Nd7 19. Qd2 Nxc5 20. Rfe1 Bxc3
21. Qxc3 Qxc3 22. bxc3 Ne4 23. Bb4 a5 24. f3 axb4 25. fxe4 Rxe4 26. cxb4 Rxb4
27. Rd2 Rba4 28. Rb1 b5 29. Rc2 Rc4 30. Rbb2 Kg7 31. Kf2 Kf6 32. Kf3 Ke5 33. g3
Raa4 34. h3 h5 35. Rd2 g5 36. Rh2 f5 37. Rhf2 Rc3 38. Rbd2 d4 39. Rfe2 Raa3 40.
Rxd4 g4+ 41. hxg4 hxg4+ 42. Kf2 Rc4 43. Rd8 Rca4 44. Rc8 Rc4 45. Re8+ Kf6 46.
Rf8+ Kg6 47. Rd2 Rac3 48. Rd6+ Kg7 49. Rxf5 Rc2+ 50. Ke1 Rxa2 51. Rg5+ Kf7 52.
Kd1 Ke7 53. Rgg6 Ra1+ 54. Kd2 Rg1 55. Rge6+ Kf7 56. Rf6+ 1/2-1/2

[Event "BPB Limburg open C"]
[Site "Maastricht"]
[Date "2014.06.06"]
[Round "1"]
[White "Van Rossum, Pia"]
[Black "Van der Hoeven, Carsten"]
[Result "1-0"]
[WhiteElo "1657"]
[BlackElo "1366"]
[PlyCount "41"]
[EventDate "2014.06.06"]
[EventType "swiss"]
[EventRounds "7"]
[EventCountry "NED"]
[Source "P.Boonen"]
[SourceDate "2014.10.10"]

1. Nf3 d6 2. d4 Nf6 3. e3 g6 4. Bd3 Bg7 5. Nc3 O-O 6. Bd2 Nbd7 7. Qe2 c5 8. O-O
b6 9. Ne4 Bb7 10. Nfg5 Bh6 11. Nxf6+ Nxf6 12. f4 e5 13. c3 Nh5 14. Ne4 c4 15.
Bc2 d5 16. Nf2 exf4 17. Ng4 Bg7 18. exf4 Re8 19. Qf3 b5 20. f5 Rf8 21. f6 1-0

[Event "BPB Limburg open C"]
[Site "Maastricht"]
[Date "2014.06.06"]
[Round "1"]
[White "Van Stiphout, Sophie"]
[Black "Schloesser, Matthias"]
[Result "0-1"]
[WhiteElo "1086"]
[BlackElo "1583"]
[PlyCount "52"]
[EventDate "2014.06.06"]
[EventType "swiss"]
[EventRounds "7"]
[EventCountry "NED"]
[Source "P.Boonen"]
[SourceDate "2014.10.10"]

1. e4 e5 2. Nf3 Nc6 3. Bc4 Be7 4. d3 Nf6 5. Nc3 d6 6. h3 Na5 7. Bb3 Nxb3 8.
axb3 O-O 9. O-O c6 10. Be3 b6 11. d4 Qc7 12. d5 Bd7 13. Qd3 cxd5 14. Nxd5 Nxd5
15. exd5 f5 16. Qe2 f4 17. Bc1 Bf5 18. c4 Bf6 19. Nh2 Qf7 20. Ng4 Be7 21. g3
Qg6 22. Re1 h5 23. Nh2 fxg3 24. fxg3 Qxg3+ 25. Qg2 Qxe1+ 26. Nf1 Qe4 0-1

[Event "BPB Limburg open C"]
[Site "Maastricht"]
[Date "2014.06.06"]
[Round "1"]
[White "Van Wijnendaele, Jovanni"]
[Black "Van Dijk, Simon"]
[Result "1-0"]
[WhiteElo "1654"]
[BlackElo "1347"]
[PlyCount "91"]
[EventDate "2014.06.06"]
[EventType "swiss"]
[EventRounds "7"]
[EventCountry "NED"]
[Source "P.Boonen"]
[SourceDate "2014.10.10"]

1. d4 Nc6 2. Nf3 e6 3. Bf4 Nf6 4. Nbd2 Bd6 5. Bxd6 cxd6 6. e4 Qa5 7. c3 O-O 8.
Bd3 e5 9. d5 Ne7 10. Qe2 a6 11. a4 b5 12. b4 Qc7 13. axb5 Qxc3 14. O-O Qxb4 15.
Rfb1 Qc5 16. bxa6 Qa7 17. Nc4 Ne8 18. Qd2 f5 19. exf5 Nxf5 20. Nb6 Rb8 21. Nxc8
Rxc8 22. Rb7 Qc5 23. a7 Ra8 24. Ra5 Qc8 25. Ba6 Qd8 26. Bb5 Nc7 27. Ba4 Ne7 28.
Nxe5 dxe5 29. d6 Ne6 30. dxe7 Qxe7 31. Rxd7 Qh4 32. Rxe5 Qxa4 33. Rxe6 Rxa7 34.
Rxa7 Qxa7 35. Rd6 Rb8 36. Qd5+ Qf7 37. Rd8+ Rxd8 38. Qxd8+ Qf8 39. Qxf8+ Kxf8
40. f4 Kf7 41. g4 h6 42. Kg2 Kg6 43. Kf3 Kf6 44. Ke4 Ke6 45. h4 Kf6 46. f5 1-0

[Event "BPB Limburg open C"]
[Site "Maastricht"]
[Date "2014.06.06"]
[Round "1"]
[White "Vandevelde, Luc"]
[Black "Weynjes, Tim"]
[Result "1-0"]
[WhiteElo "1534"]
[BlackElo "1000"]
[PlyCount "31"]
[EventDate "2014.06.06"]
[EventType "swiss"]
[EventRounds "7"]
[EventCountry "NED"]
[Source "P.Boonen"]
[SourceDate "2014.10.10"]

1. e4 e6 2. d4 d5 3. Nd2 dxe4 4. Nxe4 Nd7 5. Nf3 Ngf6 6. Nxf6+ Nxf6 7. Bg5 Bd6
8. Qd2 O-O 9. O-O-O Ne4 10. Bxd8 Rxd8 11. Qe3 Nf6 12. h3 Nh5 13. Kb1 Bf4 14.
Qb3 e5 15. Bc4 Rd7 16. Nxe5 1-0

[Event "BPB Limburg open C"]
[Site "Maastricht"]
[Date "2014.06.06"]
[Round "1"]
[White "Vercruyssen, Tim"]
[Black "Van Dael, Siem"]
[Result "0-1"]
[WhiteElo "1118"]
[BlackElo "1587"]
[PlyCount "30"]
[EventDate "2014.06.06"]
[EventType "swiss"]
[EventRounds "7"]
[EventCountry "NED"]
[Source "P.Boonen"]
[SourceDate "2014.10.10"]

1. d4 d5 2. Nf3 Bf5 3. e3 e6 4. b3 Nf6 5. Bd3 Bg6 6. Bxg6 hxg6 7. a3 c5 8. c3
Nc6 9. Nbd2 Rc8 10. Bb2 Be7 11. O-O Qc7 12. Ne5 Nxe5 13. dxe5 Qxe5 14. Nf3 Qh5
15. Ne5 Qxh2# 0-1

[Event "BPB Limburg open C"]
[Site "Maastricht"]
[Date "2014.06.06"]
[Round "1"]
[White "Vossen, Patrick"]
[Black "Hauffe, Frank"]
[Result "0-1"]
[WhiteElo "1500"]
[BlackElo "1731"]
[PlyCount "128"]
[EventDate "2014.06.06"]
[EventType "swiss"]
[EventRounds "7"]
[EventCountry "NED"]
[Source "P.Boonen"]
[SourceDate "2014.10.10"]

1. d4 c6 2. e3 d5 3. Bd3 Nf6 4. Nf3 Bg4 5. Nbd2 Nbd7 6. h3 Bh5 7. e4 dxe4 8.
Nxe4 Nxe4 9. Bxe4 Nf6 10. Qd3 Nxe4 11. Qxe4 Bxf3 12. gxf3 Qd7 13. Bd2 O-O-O 14.
c3 e5 15. Be3 exd4 16. Qxd4 Qxd4 17. Bxd4 Re8+ 18. Kd2 Rd8 19. Kc2 b6 20. Rad1
c5 21. Be5 f6 22. Rxd8+ Kxd8 23. Rd1+ Kc8 24. Bg3 Be7 25. Re1 Re8 26. h4 Kd7
27. Rd1+ Ke6 28. Re1+ Kf7 29. a4 Rd8 30. Rd1 Rxd1 31. Kxd1 f5 32. f4 Kg6 33.
Ke2 Kh5 34. Kf3 Bxh4 35. Bh2 Be7 36. Bg1 c4 37. Bh2 Kg6 38. Ke3 Bc5+ 39. Ke2 h5
40. Bg3 Kf7 41. f3 Ke6 42. Kd2 Kd5 43. Bh4 Bd6 44. Ke3 a6 45. Bd8 Bc5+ 46. Ke2
b5 47. axb5 axb5 48. Kd2 Bf2 49. Bg5 h4 50. Ke2 Bg3 51. Kf1 Kc6 52. Kg2 Kb6 53.
Bd8+ Ka6 54. Bc7 g5 55. Kh3 gxf4 56. Bd8 Be1 57. Bxh4 Bd2 58. Be7 Ka5 59. Kg2
Ka4 60. Kf2 Kb3 61. Ba3 Bc1 62. Ke2 Bxb2 63. Bxb2 Kxb2 64. Kd2 Kb3 0-1

[Event "BPB Limburg open C"]
[Site "Maastricht"]
[Date "2014.06.06"]
[Round "1"]
[White "Weidema, Luuk"]
[Black "Heinen, Dai"]
[Result "0-1"]
[WhiteElo "1189"]
[BlackElo "1603"]
[PlyCount "128"]
[EventDate "2014.06.06"]
[EventType "swiss"]
[EventRounds "7"]
[EventCountry "NED"]
[Source "P.Boonen"]
[SourceDate "2014.10.10"]

1. f4 d5 2. b3 Bf5 3. Nf3 Nf6 4. e3 e6 5. Bb2 Be7 6. Be2 c5 7. O-O Nc6 8. d4
O-O 9. Bd3 Bxd3 10. Qxd3 Nb4 11. Qd2 Ne4 12. Qd1 Bf6 13. a3 Nc6 14. Ra2 Qc7 15.
Nbd2 Nxd2 16. Qxd2 cxd4 17. Nxd4 Nxd4 18. Bxd4 Bxd4 19. Qxd4 Rfc8 20. Rc1 Qc3
21. Rd1 Qxd4 22. Rxd4 Rc3 23. Rd3 Rac8 24. Kf2 Rxc2+ 25. Rxc2 Rxc2+ 26. Kf3 f6
27. e4 dxe4+ 28. Kxe4 Rc7 29. f5 e5 30. h4 Kf7 31. g4 h6 32. g5 hxg5 33. hxg5
Ke7 34. g6 Rd7 35. Rc3 Rd4+ 36. Ke3 Kd7 37. Ke2 Rf4 38. Rd3+ Ke7 39. Rc3 Kd6
40. Rd3+ Rd4 41. Rc3 e4 42. Rc1 Ke5 43. Rc7 Kxf5 44. Rxg7 Rd3 45. Rxb7 Kxg6 46.
Rb4 f5 47. Rb7 a5 48. Rb5 Kg5 49. b4 axb4 50. axb4 Rb3 51. Kf2 Kg4 52. Rb8 Kf4
53. b5 Rb2+ 54. Kf1 Kf3 55. Ke1 e3 56. Kd1 e2+ 57. Kc1 e1=Q+ 58. Kxb2 Qe5+ 59.
Ka2 Qxb8 60. Ka1 Qxb5 61. Ka2 Ke3 62. Ka1 Kd3 63. Ka2 Kc3 64. Ka1 Qb2# 0-1

[Event "BPB Limburg open C"]
[Site "Maastricht"]
[Date "2014.06.06"]
[Round "1"]
[White "Winand, Michael"]
[Black "Schoffelen, Jan"]
[Result "1-0"]
[WhiteElo "1669"]
[BlackElo "1389"]
[PlyCount "37"]
[EventDate "2014.06.06"]
[EventType "swiss"]
[EventRounds "7"]
[EventCountry "NED"]
[Source "P.Boonen"]
[SourceDate "2014.10.10"]

1. e4 c5 2. Nf3 Nc6 3. Bb5 Qc7 4. Nc3 e6 5. O-O d6 6. Re1 Nge7 7. b3 Bd7 8. Bb2
a6 9. Bf1 b5 10. d4 g6 11. dxc5 Qa5 12. cxd6 Nc8 13. Nd5 exd5 14. exd5+ Kd8 15.
Bf6+ Be7 16. dxe7+ Ke8 17. dxc6 Bxc6 18. Qd8+ Qxd8 19. exd8=Q# 1-0

[Event "BPB Limburg open C"]
[Site "Maastricht"]
[Date "2014.06.06"]
[Round "1"]
[White "Woyave, Pascal"]
[Black "Petry, Richard"]
[Result "1-0"]
[WhiteElo "1603"]
[BlackElo "1151"]
[PlyCount "77"]
[EventDate "2014.06.06"]
[EventType "swiss"]
[EventRounds "7"]
[EventCountry "NED"]
[Source "P.Boonen"]
[SourceDate "2014.10.10"]

1. c4 e5 2. Nc3 Nc6 3. Nf3 d6 4. g3 Nf6 5. d3 Be7 6. Bg2 Bd7 7. O-O O-O 8. a3
a6 9. b4 Qc8 10. Bb2 b6 11. Nd2 Rb8 12. Rc1 Nd8 13. Nde4 Bh3 14. Nd5 Nxd5 15.
cxd5 Qd7 16. Bxh3 Qxh3 17. Rxc7 Rb7 18. Qc2 f5 19. Nd2 Rxc7 20. Qxc7 Bg5 21.
Nf3 Bf6 22. Qxd6 e4 23. Nd4 Nf7 24. Qe6 exd3 25. exd3 Qg4 26. Nxf5 Qg6 27. Re1
Qg5 28. Bxf6 Qxf6 29. Qxf6 gxf6 30. Re6 Ng5 31. Rxb6 Nf3+ 32. Kf1 Nxh2+ 33. Kg2
Ng4 34. d4 Kh8 35. f3 Rg8 36. fxg4 Rxg4 37. Rb8+ Rg8 38. Rxg8+ Kxg8 39. d6 1-0

[Event "BPB Limburg open C"]
[Site "Maastricht"]
[Date "2014.06.07"]
[Round "2"]
[White "Allaart, Jesse"]
[Black "De Geest, Jan"]
[Result "0-1"]
[WhiteElo "1101"]
[BlackElo "1661"]
[PlyCount "54"]
[EventDate "2014.06.06"]
[EventType "swiss"]
[EventRounds "7"]
[EventCountry "NED"]
[Source "P.Boonen"]
[SourceDate "2014.10.10"]

1. e4 e5 2. Nf3 Nc6 3. d4 exd4 4. Bc4 Nf6 5. e5 d5 6. Bb5 Ne4 7. Nxd4 Bd7 8.
Bxc6 bxc6 9. O-O Bc5 10. Be3 Bb6 11. f3 Ng5 12. f4 Ne4 13. Kh1 O-O 14. f5 c5
15. Nb3 d4 16. Bc1 Bc6 17. f6 Qd5 18. Qg4 g6 19. Qh3 Qxe5 20. Bh6 Rfe8 21. Bg7
Re6 22. N1d2 Nxf6 23. Bxf6 Rxf6 24. Rxf6 Qxf6 25. Rf1 Qe6 26. Qd3 Re8 27. Nf3
c4 0-1

[Event "BPB Limburg open C"]
[Site "Maastricht"]
[Date "2014.06.07"]
[Round "2"]
[White "Bauchmueller, Heinrich"]
[Black "Disters, Ingrid"]
[Result "1-0"]
[WhiteElo "1348"]
[BlackElo "1223"]
[PlyCount "69"]
[EventDate "2014.06.06"]
[EventType "swiss"]
[EventRounds "7"]
[EventCountry "NED"]
[Source "P.Boonen"]
[SourceDate "2014.10.10"]

1. c4 e6 2. Nc3 Nf6 3. g3 Be7 4. Bg2 O-O 5. Nf3 b6 6. O-O Bb7 7. d3 c5 8. e4 d5
9. e5 Nfd7 10. cxd5 exd5 11. Re1 d4 12. Ne4 Nc6 13. Bf4 a6 14. a3 Re8 15. Ned2
Bf8 16. Nc4 Qc8 17. Ng5 Nd8 18. Bxb7 Qxb7 19. Qh5 h6 20. Ne4 Qd5 21. Qg4 Qe6
22. Qf3 Rb8 23. Re2 Qf5 24. Ned6 Bxd6 25. Nxd6 Qe6 26. Nxe8 Qxe8 27. e6 Rc8 28.
exd7 Qxd7 29. Rae1 Qf5 30. Re8+ Kh7 31. Qe4 Kg6 32. Qxf5+ Kxf5 33. Kg2 g5 34.
Bd6 Kg6 35. Be7 1-0

[Event "BPB Limburg open C"]
[Site "Maastricht"]
[Date "2014.06.07"]
[Round "2"]
[White "Beukema, Constantijn"]
[Black "Loutragotis, Marios"]
[Result "1-0"]
[WhiteElo "1000"]
[BlackElo "1000"]
[PlyCount "103"]
[EventDate "2014.06.06"]
[EventType "swiss"]
[EventRounds "7"]
[EventCountry "NED"]
[Source "P.Boonen"]
[SourceDate "2014.10.10"]

1. e4 e5 2. Nf3 Nc6 3. d4 exd4 4. Nxd4 Nxd4 5. Qxd4 Qf6 6. Qxf6 Nxf6 7. Nc3 Bc5
8. Bd3 O-O 9. O-O Bd4 10. Bd2 Bxc3 11. Bxc3 Ne8 12. Kh1 Nd6 13. e5 Ne8 14. f4
d6 15. f5 dxe5 16. Bxe5 f6 17. Bc3 Nd6 18. Bb4 a5 19. Bxd6 cxd6 20. Bc4+ Kh8
21. Be6 Bxe6 22. fxe6 Rfe8 23. Rfe1 Re7 24. Rad1 Rae8 25. Rxd6 Rc8 26. Rd7 Rxd7
27. exd7 Rg8 28. Re8 h5 29. d8=Q Rxe8 30. Qxe8+ Kh7 31. Qe4+ g6 32. Qxb7+ Kg8
33. Qa8+ Kf7 34. Qxa5 f5 35. Kg1 Kf6 36. Kf2 g5 37. Kf3 g4+ 38. Kf4 h4 39.
Qxf5+ Ke7 40. Kxg4 Kd6 41. Kxh4 Kc6 42. Qe5 Kd7 43. Qf6 Kc7 44. Qe6 Kb7 45. Qd6
Ka7 46. Qb4 Ka6 47. Kg5 Ka7 48. Kf6 Ka8 49. Ke7 Ka7 50. Kd7 Ka6 51. Kc7 Ka7 52.
Qb7# 1-0

[Event "BPB Limburg open C"]
[Site "Maastricht"]
[Date "2014.06.07"]
[Round "2"]
[White "Callebaut, Giovanni"]
[Black "Van Rossum, Pia"]
[Result "1-0"]
[WhiteElo "1598"]
[BlackElo "1657"]
[PlyCount "23"]
[EventDate "2014.06.06"]
[EventType "swiss"]
[EventRounds "7"]
[EventCountry "NED"]
[Source "P.Boonen"]
[SourceDate "2014.10.10"]

1. d4 Nf6 2. c4 g6 3. Nc3 Bg7 4. e4 d6 5. Nf3 O-O 6. h3 e5 7. d5 Ne8 8. Bd3 Nd7
9. Be3 Kh8 10. Qd2 Rg8 11. Ng5 Nf8 12. Nxf7# 1-0